Every Single "Higashi" Station in the Greater Tokyo Area - Statistics

General Stats
  • This quiz has been taken 14 times
  • The average score is 25 of 59
Answer Stats
Transit Lines A-Z Station % Correct
Tokyo Metro Yurakucho LineToden Arakawa Line (Tokyo Sakura Tram) I Higashi-Ikebukuro
89%
JR Narita Line - Abiko Branch A Higashi-Abiko
78%
JR Sobu Main LineJR Narita Line C Higashi-Chiba
78%
JR Chuo-Sobu Line F Higashi-Funabashi
78%
JR Chuo Line (Rapid) K Higashi-Koganei
78%
JR Chuo-Sobu LineToei Oedo Line N Higashi-Nakano
78%
Toei Oedo LineTokyo Metro Fukutoshin Line S Higashi-Shinjuku
78%
Keio LineKeio Keibajo Line F Higashi-Fuchu
67%
Tokyo Metro Hibiya Line Toei Asakusa Line G Higashi-Ginza
67%
JR Hachiko Line Seibu Ikebukuro Line H Higashi-Hanno
67%
JR Keihin-Tohoku Line J Higashi-Jujo
67%
Odakyu Odawara Line K Higashi-Kitazawa
67%
Tokyo Metro Marunouchi Line K Higashi-Koenji
67%
Keisei Higashi-Narita Line N Higashi-Narita
67%
Seibu Shinjuku Line F Higashi-Fushimi
56%
JR Keihin-Tohoku LineJR Yokohama Line Keikyu Main Line K Higashi-Kanagawa
56%
JR Musashino LineSaitama Stadium Line K Higashi-Kawaguchi
56%
JR Musashino Line Hokuso Line M Higashi-Matsudo
56%
Seibu Shinjuku LineSeibu Kokubunji Line Seibu Seibuen Line M Higashi-Murayama
56%
JR Ome Line O Higashi-Ome
56%
JR Utsunomiya Line (JR Tohoku Main Line)JR Shonan-Shinjuku Line O Higashi-Omiya
56%
JR Hachiko Line F Higashi-Fussa
44%
Seibu Ikebukuro Line K Higashi-Kurume
44%
Toei Asakusa Line N Higashi-Nihombashi
44%
Toei Shinjuku Line O Higashi-Ojima
44%
JR Musashino Line T Higashi-Tokorozawa
44%
JR Yokosuka LineJR Shonan-Shinjuku Line T Higashi-Totsuka
44%
JR Musashino Line U Higashi-Urawa
44%
Seibu Haijima Line Y Higashi-Yamatoshi
44%
JR Yokosuka Line Z Higashi-Zushi
44%
Seibu Ikebukuro Line A Higashi-Agano
33%
JR Itsukaichi Line A Higashi-Akiru
33%
Tobu Kameido Line A Higashi-Azuma
33%
Tokyu Toyoko Line H Higashi-Hakuraku
33%
Tobu Urban Park Line I Higashi-Iwatsuki
33%
Tobu Koizumi LineTobu Kiryu Line K Higashi-Koizumi
33%
Keio Inokashira Line M Higashi-Matsubara
33%
Tobu Tojo Line M Higashi-Matsuyama
33%
Oarai Kashima Line M Higashi-Mito
33%
Tobu Skytree Line M Higashi-Mukojima
33%
Seibu Ikebukuro Line N Higashi-Nagasaki
33%
Toden Arakawa Line (Tokyo Sakura Tram) O Higashi-ogu-sanchome
33%
Odakyu Enoshima Line R Higashi-Rinkan
33%
JR Utsunomiya Line (JR Tohoku Main Line)JR Shonan-Shinjuku Line W Higashi-Washinomiya
33%
Chichibu Main Line G Higashi-Gyoda
22%
Toyo Rapid Railway Line K Higashi-Kaijin
22%
Tobu Ogose Line M Higashi-Moro
22%
JR Ome Line N Higashi-Nakagami
22%
Keisei Main Line N Higashi-Nakayama
22%
JR Gotemba Line Y Higashi-Yamakita
22%
Isumi Railway Line F Higashi-Fusamoto
11%
JR Kururi Line K Higashi-Kiyokawa
11%
New Shuttle (Ina Line) M Higashi-Miyahara
11%
Yokohama Municipal Subway Green Line Y Higashi-Yamata
11%
JR Mito Line Y Higashi-Yuki
11%
Keikyu Daishi Line M Higashimonzen
0%
Jomo Electric Railway Line N Higashi-Nikkawa
0%
Jōshin Electric Railway Line T Higashi-Tomioka
0%
JR Kururi Line Y Higashi-Yokota
0%
No matching quizzes found
Score Distribution
Percent of People with Each Score
Percentile by Number Answered
Your Score History
You have not taken this quiz